| 000 | 00535nam a22001217a 4500 | ||
|---|---|---|---|
| 999 |
_c524241 _d524241 |
||
| 008 | 231106b ||||| |||| 00| 0 eng d | ||
| 100 |
_aSinha, J. N. _941516 |
||
| 245 | _aText of talk delivered at the centenary celebrations of the department of physics, university of Calcutta, Kolkata, on 7–8 January 2016: ‘Meghnad Saha: A visionary on mission’ 1893–1956 | ||
| 260 | _aIndian Journal of Public Administration | ||
| 300 | _a 69(3), Sep, 2023: p.698-712 | ||
| 773 | _aIndian Journal of Public Administration | ||
| 942 | _cAR | ||